000 01069cam a22002894a 4500
001 12754352
003 CEME
005 20210628201518.0
008 020425s2003 mau b 001 0 eng
010 _a 2002070870
020 _a0072399090
020 _a0071121633
040 _aDLC
_cDLC
_dDLC
042 _apcc
050 0 0 _aQA76.73.J38
_bB34 2003
100 1 _aBailey, Duane A.
_955599
245 1 0 _aJava structures :data structures in Java for the principled programmer
_bdata structures in Java for the principled programmer
_cDuane A. Bailey.
250 _a2nd ed.
260 _aBoston, Mau. :
_bMcGraw-Hill,
_cc2003.
300 _axiv, 514 p. :
_bill. ;
_c25 cm.
504 _aIncludes bibliographical references (p .[501]) and index.
650 0 _aJava (Computer program language)
_98017
650 0 _aData structures (Computer science)
_93010
856 4 2 _3Publisher description
_uhttp://www.loc.gov/catdir/description/mh022/2002070870.html
856 4 1 _3Table of contents
_uhttp://www.loc.gov/catdir/toc/mh021/2002070870.html
942 _2ddc
_cBK
999 _c566401
_d566401